000 01349nam a2200313 i 4500
003 EG-ScBUE
005 20240529111019.0
008 161222s2016 enk||||fr|b|| 001 0 eng d
020 _a0415836107
020 _a9780415836104
040 _aEG-ScBUE
_beng
_erda
_cEG-ScBUE
_dEG-ScBUE
082 0 4 _222
_a956.95305
_bZUR
100 1 _941747
_aZureik, Elia‏,
_eauthor.
245 1 0 _aIsrael's colonial project in Palestine :
_bBrutal Pursuit /
_cElia Zureik.
264 1 _aLondon ;
_aNew York :
_bRoutledge,
_c2016.
300 _axix, 278 pages ;
_c19 cm
336 _2rdacontent
_atext
_btxt
337 _aunmediated
_2rdamedia
_bn
338 _avolume
_bnc
_2rdacarrier
504 _aIncludes bibliographical references and index.
520 _aIntroduction -- 1.Researching Palestine and the Palestinians: A Road Map -- 2.Zionism and Colonialism -- 3.Colonialism as Surveillance -- 4. Biopolitics, Eugenics, and Population Discourse -- 5.From Calibrated Suffering to Necropolitics -- 6.The Internet and Acts of Everyday Resistance --Conclusion.
590 _aWessam
650 7 _aMilitary occupation.
_2BUEsh
_941748
650 7 _941750
_aLand settlement
_xGovernment policy.
_zIsrael.
651 7 _aIsrael-Arab War, 1967
_xOccupied territories.
_2BUEsh
_941749
653 _bBUSBOL
_cDecember2016
655 _vReading book
942 _2ddc
_cBB
999 _c23706
_d23678